00910cam a22002651 4500001001300000003000400013005001700017008004100034010001700075035002000092040005000112042001200162043001200174050003000186082001300216110005000229245009000279260002200369300002400391490007000415500001700485650004700502810007800549999001700627e 48000013 DLC20260227111233.0831208s1947 kyu s000 0 eng c ae 48000013  a(OCoLC)10202438 aU.S. Office of Education. LibrarycDNIEdDLC apremarc an-us-ky00aL152b.B35 vol. 15, no. 3 a371.73221 aKentucky.bState Teachers College (Morehead).10aGetting the health and physical education program under way in the elementary school. aFrankfort,c1947. a[67]-165 p.c23 cm.1 aKentucky. Dept. of Education. Educational bulletin,vv. 15, no. 3 aCover title. 0aPhysical education and trainingzKentucky.10aKentucky.bDepartment of Education.tEducational bulletin,vv. 15, no. 3. c22077d22077